Entrepreneurship (Record no. 8854)
[ view plain ]
| 000 -LEADER | |
|---|---|
| fixed length control field | 00636 a2200181 4500 |
| 020 ## - INTERNATIONAL STANDARD BOOK NUMBER | |
| International Standard Book Number | 0070620172 |
| 040 ## - CATALOGING SOURCE | |
| Original cataloging agency | DLC |
| Language of cataloging | DLC |
| 082 ## - DEWEY DECIMAL CLASSIFICATION NUMBER | |
| Classification number | 658.42 |
| 100 ## - MAIN ENTRY--PERSONAL NAME | |
| Personal name | Hisrich, Robert D. |
| 245 ## - TITLE STATEMENT | |
| Title | Entrepreneurship |
| Statement of responsibility, etc. | Robert D.Hisrich |
| 250 ## - EDITION STATEMENT | |
| Edition statement | 6th ed |
| 260 ## - PUBLICATION, DISTRIBUTION, ETC. | |
| Place of publication, distribution, etc. | New Delhi : |
| Name of publisher, distributor, etc. | Tata McGraw-Hill, |
| Date of publication, distribution, etc. | c2007. |
| 300 ## - PHYSICAL DESCRIPTION | |
| Extent | xx, 591 p. |
| Other physical details | ill. ; |
| Dimensions | 26 cm. |
| 500 ## - GENERAL NOTE | |
| General note | Includes bibliographical references and index |
| 650 ## - SUBJECT ADDED ENTRY--TOPICAL TERM | |
| Topical term or geographic name entry element | 1.New business enterprises. 2.Entrepreneurship.3.Business planning.4.Business enterprises--Finance. 5.Success in business. |
| 700 ## - ADDED ENTRY--PERSONAL NAME | |
| Personal name | 1.Michael P Peters, . 2.Dean A. Shepherd, |
| 942 ## - ADDED ENTRY ELEMENTS (KOHA) | |
| Koha item type | Book |
| Call number prefix | 658.421 HIS |
| Source of classification or shelving scheme | |
| Withdrawn status | Lost status | Source of classification or shelving scheme | Damaged status | Not for loan | Permanent Location | Current Location | Shelving location | Date acquired | Source of acquisition | Cost, normal purchase price | Total Checkouts | Full call number | Barcode | Date last seen | Date last checked out | Price effective from | Koha item type |
|---|---|---|---|---|---|---|---|---|---|---|---|---|---|---|---|---|---|
| Central Library (CL) | Central Library (CL) | Management Sciences | 06/07/2005 | New Public Book | 1751.31 | 3 | 658.421 HIS | SEECS005892 | 09/06/2019 | 08/23/2016 | 01/05/2017 | Book | |||||
| Central Library (CL) | Central Library (CL) | Management Sciences | 06/11/2024 | 658.421 HIS | NBS7745 | 06/11/2024 | 06/11/2024 | Book | |||||||||
| Central Library (CL) | Central Library (CL) | Management Sciences | 06/11/2024 | 658.421 HIS | NBS7680 | 12/05/2024 | 06/11/2024 | Book |
